Cities Closest to Orlando - Statistics

General Stats
  • This quiz has been taken 8 times
  • The average score is 6 of 15
Answer Stats
mi Answer km % Correct
85 Tampa 136
88%
106 Clearwater 170
63%
113 Gainesville 181
63%
107 Saint Augustine 172
50%
107 Saint Petersburg (Florida) 172
50%
107 St Augustine 172
50%
6 Winter Park (Florida) 9
50%
57 Daytona Beach 91
38%
22 Kissimmee 35
38%
80 Ocala 128
38%
107 Vero Beach (Florida) 172
25%
104 St Augustine Beach (Florida) 167
13%
114 Tarpon Springs 183
13%
120 Fort Pierce (Florida) 193
0%
112 Treasure Island 180
0%
No matching quizzes found
Score Distribution
Percent of People with Each Score
Percentile by Number Answered
Your Score History
You have not taken this quiz